| 000 | 02785nam0a2200505 4500 | ||
|---|---|---|---|
| 001 | RU\NLR\BIBL_A\012463261 | ||
| 005 | 20250807130002.0 | ||
| 010 |
_a978-5-9963-5937-0 _91000 |
||
| 021 |
_aRU _bАЛ-П-20-00406и _9АЛ-П-20-0079 |
||
| 035 | _a(NLR Aleph) 012463261 | ||
| 035 | _a(RuMoRGB)010359173 | ||
| 090 |
_a12036650 _c12036650 |
||
| 100 | _a20210301d2020 u y0rusy50 ca | ||
| 101 | 0 | _arus | |
| 102 | _aRU | ||
| 105 | _aac||z|||000zd | ||
| 181 | 0 |
_ai _baxxe |
|
| 182 | 0 | _an | |
| 200 | 1 |
_aКоровин, Врубель, Кустодиев, Нестеров. Гении Серебряного века _e[альбом по искусству] _fЕ.В. Громова, Л.А. Ефремова |
|
| 203 |
_aТекст _bвизуальный _cнепосредственный |
||
| 210 |
_aМосква _cОлма _cБИНОМ. Лаборатория знаний _d2020 |
||
| 215 |
_a359 с. _cил., цв. ил., портр. _d31 |
||
| 225 | 1 | _aСерия "Шедевры живописи" | |
| 300 | _aНа обл. авт. не указаны | ||
| 517 | 1 | _aГении Серебряного века | |
| 600 | 1 |
_aКоровин _bК.А. _gКонстантин Алексеевич _f1861 - 1939 _jАльбомы _2nlr_sh2 _3RU\NLR\AUTH\66414742 |
|
| 600 | 1 |
_aВрубель _bМ.А. _gМихаил Александрович _f1856 - 1910 _jАльбомы _2nlr_sh2 _3RU\NLR\AUTH\66271893 |
|
| 600 | 1 |
_aКустодиев _bБ.М. _gБорис Михайлович _f1878 - 1927 _jАльбомы _2nlr_sh2 _3RU\NLR\AUTH\66324869 |
|
| 600 | 1 |
_aНестеров _bМ.В. _gМихаил Васильевич _f1862 - 1942 _jАльбомы _2nlr_sh2 _3RU\NLR\AUTH\66414792 |
|
| 686 | 1 | _aЩ143(2Р=Рус)53-8Коровин К.А.4я61 | |
| 686 | 1 | _aЩ143(2Р=Рус)53-8Врубель М.А.4я61 | |
| 686 | 1 | _aЩ143(2Р=Рус)53-8Нестеров М.В.4я61 | |
| 686 | 1 | _aЩ143(2Р=Рус)53-8Кустодиев Б.М.4я61 | |
| 700 | 1 |
_aГромова _bЕ. В. _gЕкатерина Владимировна |
|
| 701 | 1 |
_aЕфремова _bЛ. А. _gЛюдмила Александровна |
|
| 702 | 1 |
_aКоровин _bК. А. _cхудожник _f1861-1939 _gКонстантин Алексеевич _3RU\NLR\AUTH\7760016 _4570 |
|
| 702 | 1 |
_aВрубель _bМ. А. _f1856-1910 _gМихаил Александрович _3RU\NLR\AUTH\7760062 _4570 |
|
| 702 | 1 |
_aКустодиев _bБ. М. _cхудожник _f1878-1927 _gБорис Михайлович _3RU\NLR\auth\7740011 _4570 |
|
| 702 | 1 |
_aНестеров _bМ. В. _f1862-1942 _gМихаил Васильевич _3RU\NLR\AUTH\7741733 _4570 |
|
| 942 | _cBOOK | ||
| 980 | _aNB | ||
| 980 | _aNBR | ||